The social framework : (Record no. 25850)
[ view plain ]
| 000 -LEADER | |
|---|---|
| fixed length control field | 00591cam a22002055a 4500 |
| 001 - CONTROL NUMBER | |
| control field | 010938399 |
| 005 - DATE AND TIME OF LATEST TRANSACTION | |
| control field | 20201124142135.0 |
| 008 - FIXED-LENGTH DATA ELEMENTS--GENERAL INFORMATION | |
| fixed length control field | 741222s1960 enka fr 001 0 eng d |
| 040 ## - CATALOGING SOURCE | |
| Original cataloging agency | Uk |
| Transcribing agency | Uk |
| Language of cataloging | eng |
| Modifying agency | EG-ScBUE |
| 082 04 - DEWEY DECIMAL CLASSIFICATION NUMBER | |
| Classification number | 330 |
| Edition number | 22 |
| Item number | HIC |
| 100 1# - MAIN ENTRY--PERSONAL NAME | |
| Personal name | Hicks, John, |
| Dates associated with a name | 1904-1989. |
| 245 14 - TITLE STATEMENT | |
| Title | The social framework : |
| Remainder of title | an introduction to economics / |
| Statement of responsibility, etc | J. R. Hicks |
| 250 ## - EDITION STATEMENT | |
| Edition statement | 3rd ed. |
| 260 ## - PUBLICATION, DISTRIBUTION, ETC. (IMPRINT) | |
| Place of publication, distribution, etc | Oxford : |
| Name of publisher, distributor, etc | Clarendon Press, |
| Date of publication, distribution, etc | 1960. |
| 300 ## - PHYSICAL DESCRIPTION | |
| Extent | xii, 272 p. : |
| Other physical details | ill. ; |
| Dimensions | 18 cm. |
| 500 ## - GENERAL NOTE | |
| General note | Index : p. 270-272. |
| 651 ## - SUBJECT ADDED ENTRY--GEOGRAPHIC NAME | |
| Source of heading or term | BUEsh |
| 653 ## - INDEX TERM--UNCONTROLLED | |
| Resource For college | Generalities |
| -- | BAEPS, Economics |
| Arrived date list | January2018 |
| 942 ## - ADDED ENTRY ELEMENTS (KOHA) | |
| Source of classification or shelving scheme | Dewey Decimal Classification |
| Withdrawn status | Item status | Source of classification or shelving scheme | Damaged status | Not for loan | Home library | Current library | Shelving location | Date acquired | Total Checkouts | Full call number | Barcode | Date last seen | Koha item type |
|---|---|---|---|---|---|---|---|---|---|---|---|---|---|
| Dewey Decimal Classification | Central Library | Central Library | First floor | 04/01/2018 | 330 HIC | 000047082 | 15/07/2025 | Book - Borrowing |